| 000 | 00462nam a2200133Ia 4500 | ||
|---|---|---|---|
| 008 | 160809s9999 xx 000 0 und d | ||
| 100 | _aKhanpour, Sadegh. | ||
| 245 | _aImprovement of a Method Based on Hidden Markov Model for Clustering Web Users | ||
| 245 | _cSadegh Khanpour and Omid sojoodi. | ||
| 260 | _bComputer Science and Information Technology | ||
| 260 | _cJanuary 2016 | ||
| 650 | _xINFORMATION TECHNOLOGY | ||
| 856 | _uhttp://airccse.org/V6N49.html | ||
| 999 |
_c300060 _d300060 |
||